000 00274nam a2200109 4500
082 _a338.954IND
245 _aTHIRD FIVE YEAR PLAN
260 _aGOVERNMENT OF INDIA PLANNING COMMISSION
_bDAR ES SALAAM
_c1963
300 _aXXXV,774P
_bILL,;25CM
500 _aINDEX
942 _cBK
999 _c13863
_d13863